A study of goat/fish and duck/fish integrated farming /
Saved in:
| Main Author: | |
|---|---|
| Format: | Thesis Book |
| Language: | English |
| Published: |
1988.
|
| Subjects: | |
| Tags: |
Add Tag
No Tags, Be the first to tag this record!
|
| LEADER | 01394cam a2200349 a 4500 | ||
|---|---|---|---|
| 001 | u93790 | ||
| 003 | SIRSI | ||
| 008 | 910611s1988 my a at 00 1 eng m | ||
| 035 | |a AAK-2440 | ||
| 040 | |a UMM |d UMT | ||
| 043 | |a a-my--- | ||
| 090 | |a SH117 |b M4Sel |b (sedang dimikrofilem 9.5.96) | ||
| 091 | |a Microfilm 2491 | ||
| 095 | |a SH117 |b M4Sel | ||
| 100 | 1 | 0 | |a Selvarajah, Geeta. |
| 245 | 1 | 2 | |a A study of goat/fish and duck/fish integrated farming / |c by Geeta Selvarajah. |
| 260 | 1 | |c 1988. | |
| 300 | |a xi, 179 leaves : |b ill. ; |c 30 cm. | ||
| 500 | |a Also available on microfilm. Kuala Lumpur : Perpustakaan Universiti Malaya, 1989. 1 reel : negative ; 35 mm. | ||
| 500 | |a Refer Microfilm 2421 | ||
| 502 | |a Dissertation (M.Phil.) - Institut Pengajian Tinggi, Universiti Malaya, 1989. | ||
| 504 | |a Bibliography: leaves 129-139. | ||
| 650 | 0 | |a Fish-culture |z Malaysia. | |
| 650 | 0 | |a Livestock |z Malaysia. | |
| 650 | 0 | |a Goats |z Malaysia. | |
| 650 | 0 | |a Ducks |z Malaysia. | |
| 650 | 0 | |a State farm |z Malaysia. | |
| 948 | |a 13/08/1991 |b 19/07/2002 | ||
| 596 | |a 1 | ||
| 999 | |a SH117 M4SEL |w LC |c 1 |i A500000920 |l B_KOM4 |m P01UTAMA |r Y |s Y |t TESIS |u 23/9/1991 |o .PUBLIC. BKOM 4 :43050 | ||
| 999 | |a SH117 M4SEL |w LC |c 2 |i A010701029 |d 16/6/1999 |l STACKS |m P01UTAMA |n 6 |r Y |s Y |t TESIS |u 18/10/1991 | ||
| 999 | |a SH117 M4SEL |w LC |c 3 |i A500004444 |d 15/8/1997 |l DISCARD |m P01UTAMA |n 1 |r Y |s Y |t TESIS |u 23/10/1991 |o .PUBLIC. BKOM 4 :43051 | ||
